50 Most Listened Rock Bands On Spotify - Statistics

General Stats
  • This quiz has been taken 46 times
  • The average score is 24 of 50
Answer Stats
Hint Answer % Correct
Highway To Hell AC/DC
100%
Smells Like Teen Spirit Nirvana
97%
American Idiot Green Day
95%
Stairway To Heaven Led Zeppelin
95%
In The End Linkin Park
92%
Enter Sandman Metallica
92%
Welcome To The Jungle Guns 'N Roses
90%
Under The Bridge Red Hot Chilli Peppers
87%
Iron Man Black Sabbath
85%
Everlong Foo Fighters
82%
Crazy Train Ozzy Osbourne
82%
Another Brick Wall Pink Floyd
79%
Black Hole Sun Soundgarden
69%
Chop Suey! System Of A Down
69%
Ever Flow Pearl Jam
67%
All The Small Things blink-182
64%
Kickstart My Heart Motley Crue
64%
Break Stuff Limp Bizkit
62%
Breaking The Law Judas Priest
59%
Wind Of Change Scorpions
59%
Man In The Box Alice In Chains
56%
Fear Of The Dark Iron Maiden
54%
Blind Korn
54%
Sonne Rammstein
51%
Psychosocial Slipknot
51%
505 Arctic Monkeys
49%
Symphony Of Destruction Megadeth
49%
Going Under Evanescence
44%
Teenagers My Chemical Romance
44%
Hail To The King Avenged Sevenfold
41%
Can You Feel My Heart Bring Me The Horizon
36%
My Own Summer (Shove it) Deftones
36%
Raining Blood Slayer
36%
Schism TOOL
33%
All I Wanted Paramore
31%
Mary On A Cross Ghost
28%
Floods Pantera
21%
Tears Don't Fall Bullet For My Valentine
15%
Hammer Smashed Face Cannibal Corpse
15%
Wrong Side Of Heaven Five Finger Death Punch
15%
Stranded Gojira
15%
Laid To Rest Lamb Of God
13%
Just Pretend Bad Omens
10%
The Last Stand Sabaton
10%
The Summoning Sleep Token
10%
Doomsday Architects
8%
Voices Motionless In White
8%
Windowpane Opeth
8%
All I Want A Day To Remember
5%
Down With A Sickness Distrurbed
0%
No matching quizzes found
Score Distribution
Percent of People with Each Score
Percentile by Number Answered
Your Score History
You have not taken this quiz